मानव विकल्प बनता कंप्यूटर / (Record no. 169854)
[ view plain ]
| 000 -LEADER | |
|---|---|
| fixed length control field | 01225nam a22002657a 4500 |
| 005 - DATE AND TIME OF LATEST TRANSACTION | |
| control field | 20191205173555.0 |
| 008 - FIXED-LENGTH DATA ELEMENTS--GENERAL INFORMATION | |
| fixed length control field | 190403b ||||| |||| 00| 0 eng d |
| 010 ## - LCCN (DPL NO) | |
| LC control number | B-141748 |
| 020 ## - INTERNATIONAL STANDARD BOOK NUMBER | |
| Terms of availability | 200.00 |
| International Standard Book Number | 8177790986 |
| 035 ## - SYSTEM CONTROL NUMBER | |
| System control number | B-141748 |
| 037 ## - SOURCE OF ACQUISITION | |
| Source of stock number/acquisition | Cen Lib/Ret |
| 040 ## - CATALOGING SOURCE | |
| Original cataloging agency | DPL |
| Language of cataloging | HN |
| 082 ## - DEWEY DECIMAL CLASSIFICATION NUMBER | |
| Classification number | 004 |
| Item number | पाण्डेय |
| 100 ## - MAIN ENTRY--PERSONAL NAME | |
| Personal name | पाण्डेय, पृथ्वीनाथ |
| 9 (RLIN) | 44529 |
| 245 ## - TITLE STATEMENT | |
| Title | मानव विकल्प बनता कंप्यूटर / |
| Statement of responsibility, etc | पृथ्वीनाथ पाण्डेय |
| 246 ## - VARYING FORM OF TITLE | |
| Title proper/short title | Manav vikalp banta computer/ |
| Remainder of title | by Prithivinath Pandey |
| 260 ## - PUBLICATION, DISTRIBUTION, ETC. (IMPRINT) | |
| Place of publication, distribution, etc | इलाहाबाद |
| Name of publisher, distributor, etc | साहित्य भंडार |
| Date of publication, distribution, etc | 2005 |
| 270 ## - ADDRESS | |
| City | इलाहाबाद |
| Address | 50, चाह्चंद |
| Postal code | 211003 |
| 300 ## - PHYSICAL DESCRIPTION | |
| Extent | 192पृ.: |
| Dimensions | 20सेमी(सजिल्द ) |
| Other physical details | सचित्र |
| 650 ## - SUBJECT ADDED ENTRY--TOPICAL TERM | |
| Topical term or geographic name as entry element | कंप्यूटर साइंस |
| General subdivision | |
| Geographic subdivision | |
| 9 (RLIN) | 86554 |
| 650 ## - SUBJECT ADDED ENTRY--TOPICAL TERM | |
| Topical term or geographic name as entry element | कंप्यूटर साइंस--एतिहासिक पृष्ठभूमि |
| 9 (RLIN) | 86555 |
| 650 ## - SUBJECT ADDED ENTRY--TOPICAL TERM | |
| Topical term or geographic name as entry element | Computer Science |
| 9 (RLIN) | 86556 |
| 650 ## - SUBJECT ADDED ENTRY--TOPICAL TERM | |
| Topical term or geographic name as entry element | Computer Science - historical background |
| 9 (RLIN) | 86557 |
| 942 ## - ADDED ENTRY ELEMENTS (KOHA) | |
| Source of classification or shelving scheme | Dewey Decimal Classification |
| Item type | Hindi Books |
| Classification part | 004 |
| Call number suffix | पाण्डेय |
| Withdrawn status | Lost status | Source of classification or shelving scheme | Damaged status | Not for loan | Collection code | Home library | Current library | Date acquired | Cost, normal purchase price | Total Checkouts | Full call number | Barcode | Date last seen | Cost, replacement price | Koha item type |
|---|---|---|---|---|---|---|---|---|---|---|---|---|---|---|---|
| Dewey Decimal Classification | Non-fiction | Sarojini Nagar | Sarojini Nagar | 05/12/2019 | 200.00 | 004 पाण्डेय | B-141748 | 05/12/2019 | 200.00 | Hindi Books |
